Fictional Dogs - Statistics

General Stats
  • This quiz has been taken 34 times
  • The average score is 10 of 20
Answer Stats
Picture Answer % Correct
Snoopy
96%
Scooby-Doo
92%
Clifford the Big Red Dog
76%
Brian Griffin
72%
Slink
64%
Lassie
60%
Courage the Cowardly Dog
56%
Toto
56%
Odie
52%
Cujo
48%
Santa's Little Helper
48%
Krypto the Superdog
44%
Astro
40%
Jake the Dog
40%
Huckleberry Hound
36%
Droopy Dog
24%
Dug
24%
Dyno-Mutt Dog Wonder
12%
Muttley
12%
Wonder Mutt
12%
No matching quizzes found
Score Distribution
Percent of People with Each Score
Percentile by Number Answered
Your Score History
You have not taken this quiz